000 00724nam a2200181Ia 4500
008 090201s9999 xx 000 0 und d
010 _aKPL-65928
040 _bमराठी
041 _aमराठी
082 _a1834
_b65928
100 _aप्रणव अरूण वडनेरकर
245 _aजल बिन्दू निपातंन क्रमश: पुर्यते घट:
_cप्रणव अरूण वडनेरकर
250 _a1
260 _c2003
_bसाहित्य प्रसार केद्र
300 _a247
_bमध्यम
600 _aजल बिन्दू निपातंन क्रमश: पुर्यते घट:
942 _cBOOK
999 _c202928
_d202928